000 00749nam a2200253Ia 4500
003 OSt
005 20220928115249.0
006 a|||||r|||| 00| 0
007 ta
008 220927b |||||||| |||| 00| 0 eng d
020 _c3737.7600000000002
024 _a125244
037 _b2749, 08/01/2015, Vibha Book International
_cTextual
040 _aSDCL
_cSDCL
_beng
041 _2eng
_aeng
082 _aB2892, Q4
100 _aPeter Zornig
_9443579
245 0 _aNonlinear programming
_b An introduction.
260 _aGermany
_bDe Gruyter
_c2014
300 _ax;350p.
_ccm.
650 _aMathematics
942 _hB2892, Q4
_cTEXL
_2CC
999 _c758709
_d758709